Catálogo
 En Linea

La relación naturaleza-cultura como clave hermenéutica de la antropología estructural de Claude Lévi-Strauss / (Registro nro. 47908)

Detalles MARC
000 -CABECERA
campo de control de longitud fija 00658nam a2200169 a 4500
001 - NÚMERO DE CONTROL
campo de control 000048420
005 - FECHA Y HORA DE LA ÚLTIMA TRANSACCIÓN
campo de control 20201002061135.0
008 - DATOS DE LONGITUD FIJA--INFORMACIÓN GENERAL
campo de control de longitud fija 190314s2017 000 spa d
020 ## - NÚMERO INTERNACIONAL ESTÁNDAR DEL LIBRO
Número Internacional Estándar del Libro 9789945590722
040 ## - FUENTE DE LA CATALOGACIÓN
Centro catalogador/agencia de origen DO-SdBNP
Lengua de catalogación spa
Centro/agencia transcriptor BNPHU
100 ## - ENTRADA PRINCIPAL--NOMBRE DE PERSONA
Nombre de persona Valdés, Julián
9 (RLIN) 74374
245 13 - MENCIÓN DE TÍTULO
Título La relación naturaleza-cultura como clave hermenéutica de la antropología estructural de Claude Lévi-Strauss /
Mención de responsabilidad, etc. Julián Valdés.
260 ## - PUBLICACIÓN, DISTRIBUCIÓN, ETC.
Lugar de publicación, distribución, etc. Santo Domingo :
Nombre del editor, distribuidor, etc. Fundación Global Democracia y Desarrollo FUNGLODE,
Fecha de publicación, distribución, etc. 2017.
300 ## - DESCRIPCIÓN FÍSICA
Extensión 247 p. ;
Dimensiones 24 cm.
500 ## - NOTA GENERAL
Nota general Incluye datos biográficos el autor en la solapa de la cubierta
500 ## - NOTA GENERAL
Nota general Inventariado, 2019/VM
Existencias
Estado de retiro Estado de pérdida Restricciones de uso No para préstamo Código de colección Localización permanente Ubicación/localización actual Ubicación en estantería Fecha de adquisición Número de inventario Total de préstamos Signatura topográfica completa Código de barras Fecha visto por última vez Número de copia Precio válido a partir de Tipo de ítem Koha
        Monografías: Libros y Folletos General General Depósito 14.03.2019 LF1   48420-30 25.06.2020 e. 3 25.06.2020 Préstamo en sala
      Excluido de préstamo Monografías: Libros y Folletos Patrimonio Dominicano Patrimonio Dominicano Depósito 14.03.2019 LF1   48420-10 25.06.2020   25.06.2020 No se presta
      Excluido de préstamo Monografías: Libros y Folletos Patrimonio Dominicano Patrimonio Dominicano Depósito 14.03.2019 LF1   48420-20 25.06.2020 e. 2 25.06.2020 No se presta

Con tecnología Koha